000 00196 a2200109 4500
020 _a9789582410223
041 _aspa
100 _aSantillana
245 _aLenguaje 5
942 _cBK
952 _71
999 _c23834
_d23834